Normal view
MARC view
Entry Topical Term
001 - CONTROL NUMBER
- control field: 6902
003 - CONTROL NUMBER IDENTIFIER
- control field: OSt
005 - DATE AND TIME OF LATEST TRANSACTION
- control field: 20190711064829.0
008 - FIXED-LENGTH DATA ELEMENTS
- fixed length control field: 190711|| aca||aabn | a|a d
040 ## - CATALOGING SOURCE
- Original cataloging agency: OSt
- Transcribing agency: OSt
150 ## - HEADING--TOPICAL TERM
- Topical term or geographic name entry element: Taxation
670 ## - SOURCE DATA FOUND
- Source citation: Work cat.: (OSt): Auerbach, Alan J. 6901, Measuring the effects of corporate tax cuts, 2018
